Southville International School and Colleges
Your cart is empty.
  • Cart
  • Lists
    Public lists Eva Luna New books Lux_list list_1
    Your lists Log in to create your own lists
  • Log in to your account
  • Your cookies
  • Search history
Southville International School and Colleges
  • Advanced search
  • Recent comments
  • Most popular
  • Libraries

Log in to your account

Log in with GOOGLE


If you do not have an external account, but do have a local account, you can still log in:

  1. Home
  2. MARC view: Pikoy and friends /
Normal view MARC view ISBD view

Pikoy and friends / (Record no. 105164)

[ view plain ]
MARC details
000 -LEADER
fixed length control field 00576nam a2200181 a 4500
005 - DATE AND TIME OF LATEST TRANSACTION
control field 20140412111343.0
008 - FIXED-LENGTH DATA ELEMENTS--GENERAL INFORMATION
fixed length control field 040122s19uu xx 00 eng d
050 ## - LIBRARY OF CONGRESS CALL NUMBER
Classification number BB
Item number Pi634 2003
100 ## - MAIN ENTRY--PERSONAL NAME
Personal name Santos, Nati A.
245 ## - TITLE STATEMENT
Title Pikoy and friends /
Statement of responsibility, etc written by Nati A. Santos; illustrated by Michael P. Cari�o.
260 ## - PUBLICATION, DISTRIBUTION, ETC. (IMPRINT)
Place of publication, distribution, etc Pasay City :
Name of publisher, distributor, etc Little Big Books Inc,
Date of publication, distribution, etc 2003.
300 ## - PHYSICAL DESCRIPTION
Extent 16 p. ; ill.
440 ## - SERIES STATEMENT/ADDED ENTRY--TITLE
Title Little Big Books Easy Reading Series-Set 2
650 ## - SUBJECT ADDED ENTRY--TOPICAL TERM
Topical term or geographic name as entry element Animal sounds--Fiction
650 ## - SUBJECT ADDED ENTRY--TOPICAL TERM
Topical term or geographic name as entry element Children stories
650 ## - SUBJECT ADDED ENTRY--TOPICAL TERM
Topical term or geographic name as entry element Children stories
Holdings
Withdrawn status Lost status Damaged status Use restrictions Home library Current library Shelving location Date acquired Source of acquisition Cost, normal purchase price Total Checkouts Full call number Barcode Date last seen Price effective from Koha item type
        Elizalde Library Elizalde Library Big Books Section 01/22/2004   450.00   BB Pi634 2003 E9510 04/12/2014 04/12/2014 Books

Pikoy and friends /

APA

Santos N. A., . (2003). Pikoy and friends. Pasay City: Little Big Books Inc.

Chicago

Santos Nati A, . 2003. Pikoy and friends. Pasay City: Little Big Books Inc.

Harvard

Santos N. A., . (2003). Pikoy and friends. Pasay City: Little Big Books Inc.

MLA

Santos Nati A, . Pikoy and friends. Pasay City: Little Big Books Inc. 2003.

  • Place hold
  • Print
  • Cite
  • Add to your cart (remove)
  • Save record
    BIBTEX Dublin Core MARCXML MARC (non-Unicode/MARC-8) MARC (Unicode/UTF-8) MARC (Unicode/UTF-8, Standard) MODS (XML) RIS
  • More searches
    Search for this title in:
    Other Libraries (WorldCat) Other Databases (Google Scholar) Online Stores (Bookfinder.com) Open Library (openlibrary.org)

Exporting to Dublin Core...

SOUTHVILLE LIBRARY

Southville International School and Colleges Library

1281 Tropical Ave. Cor. Luxembourg St., BF Homes International, Las Pinas City

Tel. No. 8256374 / 252358 Loc. 117/146

Powered by Koha